The wasted nations : report of the International Commission of Enquiry into United States Crimes in Indochina, June 20-25, 1971 /
Saved in:
| Corporate Author: | |
|---|---|
| Other Authors: | , , , |
| Format: | Book |
| Language: | English |
| Published: |
New York :
Harper & Row,
1972.
|
| Series: | Harper colophon books ;
CN 278 Torchbook library editions |
| Subjects: | |
| Tags: |
Add Tag
No Tags, Be the first to tag this record!
|
| LEADER | 02344cam a2200349 4500 | ||
|---|---|---|---|
| 001 | 005393384-2 | ||
| 005 | 20020606163548.3 | ||
| 008 | 721218s1972 nyu b 001 0 eng | ||
| 010 | |a 78187044 | ||
| 020 | |a 0060902787 | ||
| 035 | 0 | |a ocm00539543 | |
| 040 | |a DLC |c DLC |d HLS | ||
| 043 | |a a-vt--- |a n-us--- | ||
| 050 | 0 | |a DS557.A68 |b I57 1972 | |
| 082 | |a 959.704/31 | ||
| 110 | 2 | |a International Commission of Enquiry into United States Crimes in Indochina. | |
| 245 | 1 | 4 | |a The wasted nations : |b report of the International Commission of Enquiry into United States Crimes in Indochina, June 20-25, 1971 / |c Edited by Frank Browning [and] Dorothy Forman. |
| 260 | |a New York : |b Harper & Row, |c 1972. | ||
| 300 | |a xx, 346 p. |c 21 cm. | ||
| 490 | 0 | |a Harper colophon books ; |v CN 278 | |
| 490 | 0 | |a Torchbook library editions | |
| 504 | |a Includes bibliographical references. | ||
| 505 | 0 | |a Preface: On the necessity for an American catharsis / Gunnar Merdal -- Introduction / Richard Falk -- America in Indochina. A decade of atrocity / Don Luce ; The U.S. food destruction program in South Vietnam / Arthur Westing ; Napalm survey / J.B. Neilands ; CS gas--an imperialist technology / Hilary Rose and Steven Rose ; Canada--the butcher's helper / Claire Culhane ; Bombing in Laos--a crime against humanity / Fred Branfman -- Task force report / Sven Ekberg, Dorothy Forman, Justein Nyhammar, Victor Maievskij, Martin Rossdale -- The victims -- Report from Indochina. Political report from Laos / General Sinkapo Chounnamaly ; Political report from the DRV / Pham Van Bach ; Report to the Commission / Nguyen Van Tien ; Report from Cambodia / Thiounn Prasith ; U.S. war crimes in Laos: the cases ; Wholesale massacres in South Vietnam since the Son My case ; Crimes against townspeople of South Vietnam -- International law and American policy. International law and the U.S. war in Indochina / Hans Göan Franck ; The political economy of war / Douglas F. Dowd -- Concluding statement. | |
| 650 | 0 | |a Vietnam War, 1961-1975 |x Destruction and pillage. | |
| 650 | 0 | |a Vietnam War, 1961-1975 |x Atrocities. | |
| 650 | 0 | |a Vietnam War, 1961-1975 |z United States. | |
| 700 | 1 | |a Browning, Frank, |e ed. | |
| 700 | 1 | |a Forman, Dorothy, |e ed. | |
| 700 | 1 | |a Browning, Frank, |d 1946- |e editor. | |
| 700 | 1 | |a Forman, Dorothy. | |
| 988 | |a 20020608 | ||
| 906 | |0 DLC | ||


